00536nam a22001577a 450000500170000000800410001702200220005805000270008010000200010724500980012725000120022526000340023730000180027165000700028970000190035920260407160810.0260325b |||||||| |||| 00| 0 eng d a978-93-8999-147-5 aKNS 486 .S 27 2021 V.1 aSARKAR, SUDIPTO aSARKAR LAW OF EVIDENCEbIN INDIA, PAKISTAN, BANGLADESH, BURMA, CEYLON, MALAYSIA AND SINGAPORE a20TH ED aHARYANA, bLEXISNEXIS,c2021, aXXXIX, 2063P. a1. EVIDENCE (LAW) -SOUTH ASIA 2. EVIDENCE (LAW) - SOUTH EAST ASIA aRAO, V. KESAVA